|
|
|
|
| LEADER |
01968nam a22003497a 4500 |
| 001 |
6798 |
| 003 |
BD-DhAAL |
| 005 |
20230620160812.0 |
| 008 |
160210b 2008bg ||||| |||| 00| 0 ben d |
| 020 |
|
|
|a 98483091638
|
| 020 |
|
|
|a 9847034306064
|
| 020 |
|
|
|a 984846862
|
| 020 |
|
|
|a 9789846261462
|
| 040 |
|
|
|a BD-DhAAL
|c BD-DhAAL
|
| 082 |
|
|
|a 891.4437
|
| 100 |
|
|
|a ওয়ালীউল্লাহ, সৈয়দ
|9 17938
|
| 245 |
|
|
|a লালসালু /
|c সৈয়দ ওয়ালীউল্লাহ ; সম্পাদক সৌমিত্র শেখর, ভূমিকা বিপাসা মণ্ডল ; সম্পাদক সুবর্ণা রহমান.
|
| 260 |
|
|
|a ঢাকা :
|b বিশ্বসাহিত্য ;
|b মাটিগন্ধা ;
|b অগ্রণী সাহিত্য,
|c ২০০৬, ২০০৮, ২০১৫.
|
| 300 |
|
|
|a ৯৪ পৃষ্ঠা,
|a ৭৯ পৃষ্ঠা ;
|c ২২ সে.মি.
|
| 526 |
|
|
|a AAL
|
| 541 |
|
|
|a Development Book Agency
|e 6798, 18939, 35036
|
| 650 |
|
|
|a Bengali fiction.
|9 17939
|
| 650 |
|
|
|a Bengali literature.
|
| 700 |
|
|
|a শেখর, সৌমিত্র.
|9 17940
|
| 700 |
|
|
|a মণ্ডল, বিপাসা.
|9 33320
|
| 700 |
|
|
|a রহন্দ, সুবর্ণা.
|9 54841
|
| 852 |
|
|
|a Ayesha Abed Library
|c General Stacks
|
| 942 |
|
|
|2 ddc
|c BK
|
| 999 |
|
|
|c 36833
|d 36833
|
| 952 |
|
|
|0 0
|1 0
|2 ddc
|4 0
|6 891_443700000000000_WAL
|7 0
|9 57967
|a SCL
|b SCL
|c GEN
|d 2016-02-10
|g 80.00
|l 6
|m 30
|o 891.4437 WAL
|p 3020006798
|r 2024-04-28
|s 2024-01-27
|t 1
|w 2016-02-10
|y BK
|
| 952 |
|
|
|0 0
|1 0
|2 ddc
|4 0
|6 891_443700000000000_WAL
|7 0
|9 65886
|a BRACUL
|b BRACUL
|c GEN
|d 2019-07-24
|e Development Book Agency
|g 102.00
|l 3
|m 1
|o 891.4437 WAL
|p 3010035036
|r 2025-03-10
|s 2025-03-02
|t 3
|v 102.00
|w 2019-07-24
|y BK
|
| 952 |
|
|
|0 0
|1 0
|2 ddc
|4 0
|6 891_443700000000000_WAL
|7 0
|9 73849
|a BIGD
|b BIGD
|c GEN
|d 2023-06-20
|l 0
|o 891.4437 WAL
|p 3050018939
|r 2023-06-20
|t 2
|w 2023-06-20
|y BK
|x Transferred from BDI to BIGD.
|